| 000 | 01366nam0a2200361 4500 | ||
|---|---|---|---|
| 001 | RU\NLR\BIBL_A\012772274 | ||
| 005 | 20250624151936.0 | ||
| 035 | _a(NLR Aleph) 012772274 | ||
| 090 |
_a13096449 _c13096449 |
||
| 100 | _a20220423d1908 |||y0rusy50 ca | ||
| 101 | 0 | _ache | |
| 102 | _aRU | ||
| 105 | _ay w 000 y | ||
| 135 | _acrcn 024anaba | ||
| 181 | 0 |
_ai _baxxe |
|
| 182 | 0 | _an | |
| 200 | 1 |
_aТарджамат ал-иман ва-л-ислам би лисан чачан _fпер. Хасанхан |
|
| 203 |
_aТекст _bвизуальный _cнепосредственный |
||
| 210 |
_aПетровск _cтип. А.М. Михайлова _d1908 |
||
| 215 |
_a16 с. _d18 |
||
| 300 | _aАраб. графика | ||
| 325 | _aКопия доступна в Электрон. б-ке РНБ | ||
| 541 | 1 |
_a[Изложение основ ислама] _zrus |
|
| 606 | 1 |
_aИслам _xВероучение _92415967 _3RU\NLR\AUTH\6601658019 |
|
| 686 | 1 | _aЭ38-4 | |
| 852 |
_aNLR _bОНЛ _jЧеч./2-985 |
||
| 852 |
_aNLR _bОНЛ _jЧеч./2-985 |
||
| 942 | _cBOOK | ||
| 980 | _aNB | ||
| 981 | 2 | 3 |
_a(23) Национальные литературы _b(23) Книги на национальных языках |